LEADER 00558oam 2200169z- 450 001 9910717451403321 035 $a(CKB)5590000000517635 035 $a(EXLCZ)995590000000517635 100 $a20230509c2021uuuu -u- - 101 0 $aeng 200 10$aArtificial intelligence : background, selected issues, and policy considerations 210 $aWashington, D.C 517 $aArtificial Intelligence 906 $aBOOK 912 $a9910717451403321 996 $aArtificial intelligence : background, selected issues, and policy considerations$93329372 997 $aUNINA